| 000 | 01506nam a2200229 a 4500 | ||
|---|---|---|---|
| 008 | 120416s1961 ||||||||||||||||| || u | ||
| 050 | _aTN 301 Har | ||
| 100 | _aHartman, Howard L | ||
| 245 | 1 | 0 | _aMine Ventilation and Air conditioning |
| 260 |
_aNew York _bThe Ronald Press _c1961 |
||
| 300 | _ax, 398p. : ill | ||
| 350 | _a0.00 | ||
| 650 | _aMINE VENTILATION | ||
| 650 | _aMINING | ||
| 995 |
_aTEXTBOOKS (MIN.ENG.) _D0.00 _e3968 _FCBU-SCHOOL TEXTBOOK COLLECTIONS _H1 _I0.00 _jSCHOOL TEXTBOOK _M4 _UAVAILABLE _WAug 18, 2009 _y3968 _ZSchool Collections |
||
| 995 |
_aTEXTBOOKS (MIN.ENG.) _D0.00 _e3970 _FCBU-SCHOOL TEXTBOOK COLLECTIONS _H1 _I0.00 _jSCHOOL TEXTBOOK _M6 _UAVAILABLE _WAug 18, 2009 _y3970 _ZSchool Collections |
||
| 995 |
_aTEXTBOOKS (MIN.ENG.) _D0.00 _e3971 _FCBU-SCHOOL TEXTBOOK COLLECTIONS _H1 _I0.00 _jSCHOOL TEXTBOOK _M7 _UAVAILABLE _WAug 18, 2009 _y3971 _ZSchool Collections |
||
| 995 |
_aTEXTBOOKS (MIN.ENG.) _D0.00 _e3967 _FCBU-SCHOOL TEXTBOOK COLLECTIONS _H1 _I0.00 _jSCHOOL TEXTBOOK _M3 _UAVAILABLE _WAug 18, 2009 _y3967 _ZSchool Collections |
||
| 995 |
_aTEXTBOOKS (MIN.ENG.) _D0.00 _e3969 _FCBU-SCHOOL TEXTBOOK COLLECTIONS _H1 _I0.00 _jSCHOOL TEXTBOOK _M5 _UAVAILABLE _WAug 18, 2009 _y3969 _ZSchool Collections |
||
| 995 |
_aBINDERY (DAMAGED) _D0.00 _e715423 _FCBU-MAIN LIBRARY (Kitwe) _H1 _I21.00 _jTN 301 Har _UDAMAGED _y015861 _ZMain Library Open Access Collection |
||
| 995 |
_aMAIN LIBRARY OPEN ACCESS _D0.00 _e715900 _FCBU-MAIN LIBRARY (Kitwe) _H2 _I21.00 _jTN 301 Har _M2 _UAVAILABLE _y53269 _ZMain Library Open Access Collection |
||
| 999 |
_c77664 _d77664 |
||